| 000 | 00361nam a2200109Ia 4500 | ||
|---|---|---|---|
| 008 | 171204s9999 xx 000 0 und d | ||
| 245 | _aHandbook Of Research In International Human Resource Management: | ||
| 245 | _cGunter K. Stahl and Ingmar Bjorkman | ||
| 260 | _c2015 | ||
| 650 | _xBUSINESS RESEARCH | ||
| 856 | _uhttp://down.ebook777.com/024/9781847202581.pdf | ||
| 999 |
_c346942 _d346942 |
||